| 000 | 00719nam a2200217 4500 | ||
|---|---|---|---|
| 005 | 20250616152706.0 | ||
| 010 | _aENG-145363 | ||
| 020 |
_a9789356681217 _c249.00 |
||
| 035 | _aEN-128895 | ||
| 037 | _bDBAD | ||
| 082 |
_a220.21 _21 |
||
| 100 |
_aSharma, Vivek _982067 |
||
| 245 |
_aSwitch Mantra/ _cVivek Sharma; Rajni Mahajan [and] Hetal Pandya |
||
| 250 | _a1 | ||
| 260 |
_bBluerose Publishers _c2023 _aUttar Pradesh |
||
| 270 |
_mwww.bluerosepublishers.com _a3rd Floor, Plot No, 1, F Block, Sector 6, Noida, _bUttar Pradesh _e201301 |
||
| 300 |
_a160p. _c21cm(pb) |
||
| 700 |
_aMahajan, Rajni _eAuthor _982068 |
||
| 700 |
_aPandya, Hetal _eAuthor _982069 |
||
| 942 |
_2ddc _cEN _h220.21 _mSHA _e1 |
||
| 999 |
_c211831 _d211831 |
||